[Event "COL-ch Amateur U1700"]
[Site "Bogota"]
[Date "2017.03.04"]
[Round "5"]
[White "Franco, Jhonier"]
[Black "Rosero, Hugo Alberto"]
[Result "1-0"]
[WhiteElo "1658"]
[BlackElo "1581"]
[PlyCount "101"]
[EventDate "2017.03.02"]
[EventType "swiss"]
[EventRounds "7"]
[EventCountry "COL"]
[SourceTitle "CBM 177 Extra"]
[Source "ChessBase"]
[SourceDate "2017.04.27"]
[SourceVersion "1"]
[SourceVersionDate "2017.04.27"]
[SourceQuality "1"]

1. e4 c5 2. b4 d6 3. Bb2 Nf6 4. d3 a6 5. bxc5 dxc5 6. e5 Nd5 7. c4 Nf4 8. g3 Ne6 9. f4 Nd4 10. Bxd4 Qxd4 11. Nd2 Nc6 12. Ngf3 Qe3+ 13. Qe2 Qxe2+ 14. Bxe2 Bh3 15. Rg1 h5 16. Ne4 e6 17. Rb1 Nb4 18. a3 Nc2+ 19. Kd2 Nxa3 20. Rb3 Nxc4+ 21. dxc4 Rb8 22. Rgb1 Bf5 23. Ke3 Be7 24. Rxb7 Rxb7 25. Rxb7 Bxe4 26. Kxe4 f5+ 27. exf6 Bxf6 28. Ne5 Bxe5 29. fxe5 Rh7 30. h4 a5 31. Bd3 Kf8 32. Ke3 Rh6 33. Rc7 g6 34. Rxc5 Rh7 35. Rc8+ Kg7 36. c5 Kh6 37. c6 Ra7 38. Rh8+ Kg7 39. Rd8 Kh6 40. Rd7 Ra8 41. Ba6 Rxa6 42. Rd6 Ra8 43. Kd2 a4 44. Kc1 Ra5 45. Rxe6 a3 46. Kb1 Rc5 47. Ka2 Rc3 48. Rd6 Rxg3 49. e6 Rh3 50. e7 Re3 51. c7 1-0

[Event "COL-ch Amateur U1700"]
[Site "Bogota"]
[Date "2017.03.03"]
[Round "2"]
[White "Campos Perilla, Sergio Felipe"]
[Black "Rosero, Hugo Alberto"]
[Result "0-1"]
[WhiteElo "1500"]
[BlackElo "1581"]
[PlyCount "44"]
[EventDate "2017.03.02"]
[EventType "swiss"]
[EventRounds "7"]
[EventCountry "COL"]
[SourceTitle "CBM 177 Extra"]
[Source "ChessBase"]
[SourceDate "2017.04.27"]
[SourceVersion "1"]
[SourceVersionDate "2017.04.27"]
[SourceQuality "1"]

1. e4 c5 2. c4 d6 3. Nf3 Nf6 4. Nc3 e6 5. d3 a6 6. Be2 Be7 7. 0-0 0-0 8. h3 Nc6 9. Re1 Rb8 10. Be3 b6 11. a4 Bb7 12. b3 Qc7 13. d4 cxd4 14. Bxd4 Nxd4 15. Qxd4 Rfd8 16. Bd3 h6 17. Qe3 Nd7 18. Bb1 Nc5 19. Ra3 Nd7 20. Qd3 Ne5 21. Nxe5 dxe5 22. Qc2 Bxa3 0-1

[Event "Bogota Region-ch Amateur U2300"]
[Site "Bogota"]
[Date "2017.02.18"]
[Round "3.6"]
[White "Rosero, Hugo Alberto"]
[Black "Garcia Engels, Vladimir"]
[Result "0-1"]
[WhiteElo "1596"]
[BlackElo "1957"]
[PlyCount "41"]
[EventDate "2017.02.17"]
[EventType "swiss"]
[EventRounds "6"]
[EventCountry "COL"]
[SourceTitle "EXT 2024"]
[Source "ChessBase"]
[SourceDate "2023.10.10"]
[SourceVersion "1"]
[SourceVersionDate "2023.10.10"]
[SourceQuality "1"]

1. e4 c5 2. Nf3 Nc6 3. d4 cxd4 4. Nxd4 Nf6 5. Nc3 e5 6. Ndb5 d6 7. Bg5 a6 8. Na3 b5 9. Nd5 Be7 10. Bxf6 Bxf6 11. c3 0-0 12. Qf3 Bg5 13. Bd3 Ne7 14. 0-0 Nxd5 15. exd5 f5 16. Qe2 Ra7 17. Rad1 Kh8 18. Bb1 Qe8 19. Nc2 f4 20. Ne1 Bd8 21. f3 0-1

[Event "COL pre olympic sf"]
[Site "Bogota"]
[Date "2016.05.29"]
[Round "7"]
[White "Moreno, Julian David"]
[Black "Rosero, Hugo Alberto"]
[Result "1-0"]
[WhiteElo "1815"]
[BlackElo "1622"]
[PlyCount "97"]
[EventDate "2016.05.25"]
[EventType "swiss"]
[EventRounds "9"]
[EventCountry "COL"]
[SourceTitle "CBM 172 Extra"]
[Source "ChessBase"]
[SourceDate "2016.06.21"]
[SourceVersion "1"]
[SourceVersionDate "2016.06.21"]
[SourceQuality "1"]

1. d4 Nf6 2. c4 e6 3. Nc3 c5 4. Nf3 d5 5. g3 Nc6 6. cxd5 exd5 7. Bg2 Be6 8. 0-0 Be7 9. e3 0-0 10. b3 h6 11. Bb2 cxd4 12. Nxd4 Nxd4 13. Qxd4 b6 14. Rfd1 Bc5 15. Qe5 Bd6 16. Qd4 Bc5 17. Qd3 Bg4 18. Rd2 Be6 19. Nxd5 Bxd5 20. Bxd5 Nxd5 21. Qxd5 Qxd5 22. Rxd5 Rad8 23. Rad1 Rxd5 24. Rxd5 Rc8 25. Rd1 a5 26. Kf1 f6 27. Ke2 Kf8 28. Rc1 Rd8 29. Rd1 Rxd1 30. Kxd1 Ke7 31. Kc2 Ke6 32. Kd3 Kd5 33. e4+ Ke6 34. f4 g6 35. Bd4 Bxd4 36. Kxd4 Kd6 37. a4 g5 38. e5+ fxe5+ 39. fxe5+ Ke6 40. h3 h5 41. Ke4 h4 42. g4 Ke7 43. Kf5 Kf7 44. Kxg5 Ke6 45. Kf4 Kf7 46. Ke4 Ke6 47. Kd4 Kf7 48. Kd5 Ke7 49. g5 1-0

[Event "Bogota September op"]
[Site "Bogota"]
[Date "2015.09.19"]
[Round "2"]
[White "Bautista Chiquillo, Leidy Johanna"]
[Black "Rosero, Hugo Alberto"]
[Result "0-1"]
[WhiteElo "1559"]
[BlackElo "1670"]
[PlyCount "24"]
[EventDate "2015.09.18"]
[EventType "swiss"]
[EventRounds "6"]
[EventCountry "COL"]
[SourceTitle "EXT 2016"]
[Source "ChessBase"]
[SourceDate "2015.10.08"]
[SourceVersion "1"]
[SourceVersionDate "2015.10.08"]
[SourceQuality "1"]

1. b3 e5 2. Bb2 Nc6 3. e3 Nf6 4. Bb5 d6 5. Bxc6+ bxc6 6. Nf3 Ba6 7. d3 g6 8. Nbd2 Bg7 9. Ng5 0-0 10. Qf3 Nd5 11. 0-0-0 Qxg5 12. h4 Qf6 0-1

[Event "Bogota September op"]
[Site "Bogota"]
[Date "2015.09.18"]
[Round "1"]
[White "Rosero, Hugo Alberto"]
[Black "Bejarano, Danny Andres"]
[Result "0-1"]
[WhiteElo "1670"]
[BlackElo "2018"]
[PlyCount "43"]
[EventDate "2015.09.18"]
[EventType "swiss"]
[EventRounds "6"]
[EventCountry "COL"]
[SourceTitle "EXT 2016"]
[Source "ChessBase"]
[SourceDate "2015.10.08"]
[SourceVersion "1"]
[SourceVersionDate "2015.10.08"]
[SourceQuality "1"]

1. e4 e6 2. d4 d5 3. Nc3 Bb4 4. e5 c5 5. a3 Bxc3+ 6. bxc3 Ne7 7. Bg5 Qc7 8. Nf3 Nbc6 9. Bb5 Bd7 10. Bxe7 Nxe7 11. Bxd7+ Qxd7 12. 0-0 0-0 13. Rb1 Rac8 14. Re1 Rc7 15. h3 Rfc8 16. Re2 Qa4 17. Ra1 cxd4 18. cxd4 Rxc2 19. Ne1 R2c4 20. Qxa4 Rxa4 21. Nf3 Rc3 22. Rea2 0-1

[Event "Bogota Distrital-ch 77th"]
[Site "Bogota"]
[Date "2015.05.03"]
[Round "7"]
[White "Rosero, Hugo Alberto"]
[Black "Martinez Murcia, John Alexander"]
[Result "1-0"]
[WhiteElo "1662"]
[BlackElo "2039"]
[PlyCount "53"]
[EventDate "2015.04.30"]
[EventType "swiss"]
[EventRounds "7"]
[EventCountry "COL"]
[SourceTitle "CBM 166 Extra"]
[Source "ChessBase"]
[SourceDate "2015.06.18"]
[SourceVersion "1"]
[SourceVersionDate "2015.06.18"]
[SourceQuality "1"]

1. e4 c5 2. Nf3 d6 3. d4 cxd4 4. Nxd4 Nf6 5. Nc3 g6 6. Be3 Bg7 7. Qd2 Nc6 8. f3 0-0 9. Bc4 Bd7 10. 0-0-0 Qb8 11. Kb1 Ne5 12. Bb3 b5 13. Bh6 a5 14. Bxg7 Kxg7 15. h4 a4 16. Bd5 Ra7 17. h5 Rh8 18. hxg6 h6 19. gxf7 b4 20. Nce2 Nxd5 21. exd5 Nxf7 22. Nf4 b3 23. a3 Qc8 24. c3 Bf5+ 25. Nxf5+ Qxf5+ 26. Ka1 Ng5 27. Qd4+ 1-0

[Event "Bogota-ch sf"]
[Site "Bogota"]
[Date "2014.03.22"]
[Round "3"]
[White "Rosero, Hugo Alberto"]
[Black "Jimenez, Leonardo Andres"]
[Result "0-1"]
[WhiteElo "1679"]
[BlackElo "1855"]
[PlyCount "101"]
[EventDate "2014.03.21"]
[EventType "swiss"]
[EventRounds "7"]
[EventCountry "COL"]
[SourceTitle "CBM 159 Extra"]
[Source "ChessBase"]
[SourceDate "2014.04.24"]
[SourceVersion "1"]
[SourceVersionDate "2014.04.24"]
[SourceQuality "1"]

1. e4 Nf6 2. e5 Ng8 3. d4 d6 4. Nf3 Bg4 5. exd6 Qxd6 6. c3 Nf6 7. h3 Bh5 8. Qd3 Nc6 9. Be2 0-0-0 10. Be3 Kb8 11. 0-0 e5 12. Qc2 Bxf3 13. Bxf3 exd4 14. cxd4 Nxd4 15. Bxd4 Qxd4 16. Nc3 Bd6 17. Qb3 Qb6 18. Qxf7 Rd7 19. Qc4 Rhd8 20. Na4 Qb4 21. Qxb4 Bxb4 22. a3 Ba5 23. b4 Bb6 24. Nxb6 axb6 25. Rfe1 h6 26. Rad1 Rxd1 27. Rxd1 Rxd1+ 28. Bxd1 c5 29. bxc5 bxc5 30. Be2 Kc7 31. Bc4 Kd6 32. Kf1 Ke5 33. Ke2 Kd4 34. Bd3 c4 35. Bc2 Nd5 36. Kd2 Nf4 37. g3 Nxh3 38. f4 Nf2 39. a4 Ne4+ 40. Bxe4 Kxe4 41. Kc3 Kf3 42. Kxc4 Kxg3 43. Kb5 h5 44. Kb6 h4 45. Kxb7 h3 46. a5 h2 47. a6 h1Q+ 48. Kb8 Kxf4 49. a7 g5 50. a8Q Qxa8+ 51. Kxa8 0-1

[Event "Bogota La Florida op"]
[Site "Bogota"]
[Date "2014.02.01"]
[Round "2"]
[White "Gonzalez Lopez, Nicolas Mateo"]
[Black "Rosero, Hugo Alberto"]
[Result "1-0"]
[WhiteElo "1860"]
[BlackElo "1700"]
[PlyCount "103"]
[EventDate "2014.01.31"]
[EventType "swiss"]
[EventRounds "6"]
[EventCountry "COL"]
[SourceTitle "CBM 158 Extra"]
[Source "ChessBase"]
[SourceDate "2014.02.28"]
[SourceVersion "1"]
[SourceVersionDate "2014.02.28"]
[SourceQuality "1"]

1. e4 c6 2. d4 d5 3. e5 e6 4. c3 Ne7 5. Bd3 Qb6 6. Qb3 Nd7 7. Qxb6 Nxb6 8. a4 Ng6 9. a5 Nd7 10. b4 a6 11. Nf3 Be7 12. 0-0 h6 13. Re1 0-0 14. g3 b6 15. Nbd2 bxa5 16. Rxa5 Bd8 17. Ra3 Bb7 18. Nb3 f5 19. h4 Ne7 20. Bd2 Bc7 21. Rea1 a5 22. Nxa5 Bxa5 23. Rxa5 Rxa5 24. Rxa5 Ra8 25. Ne1 Nb6 26. Rxa8+ Bxa8 27. Nc2 Kf7 28. h5 Bb7 29. Na3 Nec8 30. Kf1 Ke7 31. Ke2 Na7 32. f3 Bc8 33. g4 fxg4 34. fxg4 Bd7 35. Kf3 Be8 36. Be1 Na4 37. Bc2 Nb6 38. Bh4+ Kf8 39. Bd8 Nd7 40. c4 dxc4 41. Nxc4 Nb5 42. Ke3 Nb8 43. Nd6 Na6 44. Nxe8 Kxe8 45. Ba5 Nc3 46. Bb3 Kd7 47. Kd3 Nb5 48. Bc4 Nac7 49. Bxb5 Nxb5 50. Bb6 Na3 51. Bc5 Nb5 52. Bf8 1-0

[Event "Bogota IRT Seniors op"]
[Site "Bogota"]
[Date "2014.01.19"]
[Round "9.2"]
[White "Rosero, Hugo Alberto"]
[Black "Zabaleta Rodriguez, Fernando"]
[Result "1-0"]
[WhiteElo "1669"]
[BlackElo "1835"]
[PlyCount "67"]
[EventDate "2014.01.10"]
[EventType "tourn"]
[EventRounds "10"]
[EventCountry "COL"]
[SourceTitle "EXT 2024"]
[Source "ChessBase"]
[SourceDate "2023.10.10"]
[SourceVersion "1"]
[SourceVersionDate "2023.10.10"]
[SourceQuality "1"]

1. c4 Nf6 2. Nc3 d6 3. d4 Nbd7 4. Nf3 c6 5. e4 e5 6. Bg5 Be7 7. Be2 0-0 8. 0-0 Qc7 9. b3 Qa5 10. Qd3 Re8 11. a3 Nf8 12. b4 Qc7 13. h3 Ne6 14. Bxf6 Bxf6 15. dxe5 dxe5 16. g3 Nd4 17. Kg2 Be6 18. Rac1 Rac8 19. Nd5 cxd5 20. cxd5 Qb6 21. dxe6 Qxe6 22. Qe3 Nxe2 23. Qxe2 Rf8 24. Qb5 b6 25. Qa6 h6 26. Rxc8 Qxc8 27. Qxa7 Qc6 28. Qa6 Bd8 29. Qd3 Bc7 30. Qe3 b5 31. Nh4 Bb6 32. Qf3 Rd8 33. Nf5 Rd2 34. Ne7+ 1-0

[Event "Bogota University op 7th"]
[Site "Bogota"]
[Date "2013.10.12"]
[Round "6"]
[White "Leal Cortes, Diego Fernando"]
[Black "Rosero, Hugo Alberto"]
[Result "1-0"]
[WhiteElo "1918"]
[BlackElo "1690"]
[PlyCount "48"]
[EventDate "2013.10.10"]
[EventType "swiss"]
[EventRounds "9"]
[EventCountry "COL"]
[SourceTitle "CBM 156 Extra"]
[Source "ChessBase"]
[SourceDate "2013.10.22"]
[SourceVersion "1"]
[SourceVersionDate "2013.10.22"]
[SourceQuality "1"]

1. e4 c5 2. Nf3 d6 3. c3 Nf6 4. h3 Bd7 5. Bd3 Nc6 6. Bc2 e6 7. 0-0 Be7 8. d4 cxd4 9. cxd4 Qc7 10. Nc3 a6 11. Be3 0-0 12. a3 Rfd8 13. Rc1 Rac8 14. d5 Ne5 15. Nxe5 dxe5 16. Bb3 Bc6 17. Qf3 exd5 18. Nxd5 Qd7 19. Nb6 Qd3 20. Nxc8 Rxc8 21. Bd5 Nxd5 22. exd5 Bd7 23. Rxc8+ Bxc8 24. Rd1 Qb3 1-0

[Event "Bogota University op 7th"]
[Site "Bogota"]
[Date "2013.10.10"]
[Round "1"]
[White "Rosero, Hugo Alberto"]
[Black "Mena, Yamil Octavio"]
[Result "0-1"]
[WhiteElo "1690"]
[BlackElo "2026"]
[PlyCount "53"]
[EventDate "2013.10.10"]
[EventType "swiss"]
[EventRounds "9"]
[EventCountry "COL"]
[SourceTitle "CBM 156 Extra"]
[Source "ChessBase"]
[SourceDate "2013.10.22"]
[SourceVersion "1"]
[SourceVersionDate "2013.10.22"]
[SourceQuality "1"]

1. e4 e5 2. Nf3 d6 3. Bc4 Be7 4. d3 Nf6 5. h3 h6 6. 0-0 0-0 7. Re1 c6 8. a3 Qc7 9. Nc3 Nbd7 10. Be3 b6 11. Qd2 Bb7 12. Rad1 d5 13. exd5 cxd5 14. Bb3 d4 15. Nb5 Qc6 16. Bxd4 Qxb5 17. Nxe5 Bc5 18. Bc4 Qa4 19. Bxc5 Nxc5 20. Ng6 Rfe8 21. Ne5 Bd5 22. Bxd5 Nxd5 23. c4 Nf6 24. d4 Nce4 25. Qc3 Qa6 26. Qf3 Rac8 27. d5 0-1

[Event "Bogota Verano op"]
[Site "Bogota"]
[Date "2013.08.16"]
[Round "1"]
[White "Rangel, Carlos"]
[Black "Rosero, Hugo Alberto"]
[Result "1-0"]
[WhiteElo "2070"]
[BlackElo "1691"]
[PlyCount "73"]
[EventDate "2013.08.16"]
[EventType "swiss"]
[EventRounds "7"]
[EventCountry "COL"]
[SourceTitle "CBM 156 Extra"]
[Source "ChessBase"]
[SourceDate "2013.10.22"]
[SourceVersion "1"]
[SourceVersionDate "2013.10.22"]
[SourceQuality "1"]

1. e4 e5 2. Nf3 Nc6 3. d4 exd4 4. Nxd4 Nxd4 5. Qxd4 d6 6. Nc3 Nf6 7. Bg5 Be7 8. 0-0-0 0-0 9. Bc4 h6 10. h4 Bg4 11. f3 Bh5 12. g4 Bg6 13. Bf4 Nd7 14. Nd5 Bxh4 15. Kb1 Bf6 16. Nxf6+ Qxf6 17. Qe3 Ne5 18. Be2 b5 19. g5 hxg5 20. Bxg5 Qe6 21. Qg1 f6 22. Bc1 Bf7 23. b3 Rfb8 24. Qh2 Kf8 25. Rdg1 Bg8 26. f4 Nc6 27. Qg2 Qf7 28. e5 Nd4 29. exf6 Qxf6 30. Bb2 a6 31. Bf3 Ra7 32. Rh5 c5 33. Be4 a5 34. Rf5 Qxf5 35. Bxf5 Nxf5 36. Qg6 Rf7 37. Rg5 1-0

[Event "COL-ch"]
[Site "Ibague"]
[Date "2013.07.02"]
[Round "2"]
[White "Lozano Ramirez, Nestor Favian"]
[Black "Rosero, Hugo Alberto"]
[Result "1-0"]
[WhiteElo "2110"]
[BlackElo "1664"]
[PlyCount "51"]
[EventDate "2013.07.01"]
[EventType "swiss"]
[EventRounds "11"]
[EventCountry "COL"]
[SourceTitle "EXT 2014"]
[Source "ChessBase"]
[SourceDate "2013.11.20"]
[SourceVersion "1"]
[SourceVersionDate "2013.11.20"]
[SourceQuality "1"]

1. g3 c5 2. Bg2 Nc6 3. Nf3 Nf6 4. c4 d6 5. Nc3 a6 6. 0-0 e6 7. b3 Be7 8. Bb2 Bd7 9. e3 Qc7 10. Rc1 0-0 11. d4 cxd4 12. Nxd4 Qa5 13. Qe2 Rfe8 14. Rfd1 Rac8 15. Nc2 Qh5 16. Qxh5 Nxh5 17. Ne4 Rc7 18. Nxd6 Rf8 19. Rd2 f5 20. Rcd1 Bxd6 21. Rxd6 Rf7 22. Nd4 Nf6 23. Nxe6 Bxe6 24. Rxe6 Ng4 25. Re8+ Rf8 26. Bd5+ 1-0

[Event "COL-ch"]
[Site "Ibague"]
[Date "2013.07.02"]
[Round "3"]
[White "Rosero, Hugo Alberto"]
[Black "Guzman, River"]
[Result "0-1"]
[WhiteElo "1664"]
[BlackElo "1972"]
[PlyCount "58"]
[EventDate "2013.07.01"]
[EventType "swiss"]
[EventRounds "11"]
[EventCountry "COL"]
[SourceTitle "EXT 2014"]
[Source "ChessBase"]
[SourceDate "2013.11.20"]
[SourceVersion "1"]
[SourceVersionDate "2013.11.20"]
[SourceQuality "1"]

1. e4 c5 2. Nf3 Nc6 3. d4 cxd4 4. Nxd4 Nf6 5. Nc3 d6 6. Be2 e5 7. Nb3 a5 8. Bg5 Be7 9. 0-0 a4 10. Nd2 a3 11. bxa3 Rxa3 12. Nb5 Ra8 13. Bxf6 gxf6 14. Nc4 Be6 15. Ncxd6+ Kf8 16. Nxb7 Qb6 17. N7d6 Rd8 18. Qd2 h5 19. Rfd1 Na7 20. Nxa7 Rxd6 21. Qe3 Rxd1+ 22. Rxd1 Bc5 23. Rd8+ Ke7 24. Rxh8 Bxe3 25. fxe3 Qxe3+ 26. Kf1 Qxa7 27. Rxh5 Qxa2 28. Bd3 Bc4 29. Ke2 Qxc2+ 0-1

[Event "World Amateur-ch"]
[Site "Iasi"]
[Date "2013.04.26"]
[Round "5"]
[White "Rosero, Hugo Alberto"]
[Black "Wijesuriya, G Vineetha"]
[Result "1/2-1/2"]
[WhiteElo "1655"]
[BlackElo "1846"]
[PlyCount "178"]
[EventDate "2013.04.22"]
[EventType "swiss"]
[EventRounds "9"]
[EventCountry "ROU"]
[SourceTitle "CBM 154 Extra"]
[Source "ChessBase"]
[SourceDate "2013.06.25"]
[SourceVersion "2"]
[SourceVersionDate "2013.06.25"]
[SourceQuality "1"]

1. e4 d6 2. d4 Nf6 3. Nc3 a6 4. Nf3 g6 5. h3 Bg7 6. Be3 Nbd7 7. Qd2 b5 8. a3 0-0 9. Bh6 Bb7 10. Bxg7 Kxg7 11. Bd3 c5 12. Qe3 c4 13. Be2 Qb6 14. 0-0 e6 15. Rad1 Rad8 16. Rfe1 Rfe8 17. Bf1 Qc7 18. g3 e5 19. d5 Nc5 20. Nd2 Qe7 21. Bg2 Nfd7 22. Nf1 Rf8 23. Qf3 f5 24. exf5 Rxf5 25. Qg4 Qf7 26. Rd2 Rf8 27. Qe2 Qe7 28. Qg4 Nf6 29. Qd1 Nfd7 30. Ne3 R5f7 31. Qg4 h5 32. Qd1 Nf6 33. Nf1 Qd7 34. Ne3 Nh7 35. h4 Rf6 36. Rf1 Qf7 37. Qe1 Bc8 38. Ne4 Nxe4 39. Bxe4 Bh3 40. Bg2 Qd7 41. Kh2 Bxg2 42. Kxg2 Rf3 43. Qe2 R8f6 44. Nd1 R6f5 45. Ne3 Rf8 46. Nd1 R3f7 47. Nc3 Nf6 48. Ne4 Nxe4 49. Qxe4 Qf5 50. Re2 Qf3+ 51. Qxf3 Rxf3 52. Re3 Rxe3 53. fxe3 Rxf1 54. Kxf1 e4 55. Ke2 Kf6 56. Kd2 Ke5 57. Kc3 a5 58. a4 Kxd5 59. axb5 Kc5 60. b6 Kxb6 61. Kxc4 Kc6 62. Kd4 d5 63. Kc3 Kc5 64. b3 Kd6 65. Kd4 Ke6 66. c3 Kf5 67. Kxd5 Kg4 68. c4 Kxg3 69. c5 Kxh4 70. c6 Kg3 71. Kxe4 h4 72. c7 h3 73. c8Q h2 74. Qc7+ Kg2 75. Qxh2+ Kxh2 76. Kf4 Kh3 77. e4 Kh4 78. e5 g5+ 79. Kf5 g4 80. e6 g3 81. e7 g2 82. e8Q g1Q 83. Qh8+ Kg3 84. Qg8+ Kh2 85. Qxg1+ Kxg1 86. Ke5 Kf2 87. Kd5 Ke3 88. Kc5 Kd3 89. Kb5 Kc3 1/2-1/2

[Event "COL-ch Amateur"]
[Site "San Andres Islas"]
[Date "2013.03.16"]
[Round "7"]
[White "Guerrero, Hernando"]
[Black "Rosero, Hugo Alberto"]
[Result "0-1"]
[WhiteElo "1909"]
[BlackElo "1649"]
[PlyCount "76"]
[EventDate "2013.03.13"]
[EventType "swiss"]
[EventRounds "9"]
[EventCountry "COL"]
[SourceTitle "CBM 153 Extra"]
[Source "ChessBase"]
[SourceDate "2013.04.22"]
[SourceVersion "1"]
[SourceVersionDate "2013.04.22"]
[SourceQuality "1"]

1. d4 Nf6 2. c4 e6 3. Nc3 c5 4. d5 exd5 5. Nxd5 Nxd5 6. Qxd5 Be7 7. Nf3 d6 8. g3 0-0 9. Bg2 Nc6 10. a3 Be6 11. Qd3 Na5 12. Nd2 Nc6 13. 0-0 Ne5 14. Qc2 Qc7 15. b3 Nc6 16. Bb2 Nd4 17. Bxd4 cxd4 18. Qd3 Qb6 19. Rab1 g6 20. a4 Bf6 21. Be4 Bg7 22. Qf3 Rab8 23. Bd3 Qc5 24. Be4 b6 25. Rfd1 Qg5 26. Qg2 Rbc8 27. Bf3 Bf5 28. Be4 Rfe8 29. f3 h5 30. Bxf5 Qxf5 31. Ne4 Re6 32. Rd3 d5 33. cxd5 Qxd5 34. Rbd1 Rc2 35. R1d2 Rc1+ 36. Rd1 Rxd1+ 37. Rxd1 Qxb3 38. Ng5 Qxd1+ 0-1

[Event "COL-ch Amateur"]
[Site "San Andres Islas"]
[Date "2013.03.13"]
[Round "1"]
[White "Zuluaga Torres, Juan Pablo"]
[Black "Rosero, Hugo Alberto"]
[Result "0-1"]
[WhiteElo "1928"]
[BlackElo "1649"]
[PlyCount "32"]
[EventDate "2013.03.13"]
[EventType "swiss"]
[EventRounds "9"]
[EventCountry "COL"]
[SourceTitle "CBM 153 Extra"]
[Source "ChessBase"]
[SourceDate "2013.04.22"]
[SourceVersion "1"]
[SourceVersionDate "2013.04.22"]
[SourceQuality "1"]

1. e4 c5 2. Nf3 d6 3. Bb5+ Bd7 4. Bxd7+ Nxd7 5. 0-0 Ngf6 6. Re1 Qc7 7. d4 cxd4 8. Nxd4 a6 9. Nc3 e6 10. f4 Be7 11. f5 e5 12. Nf3 Qb6+ 13. Kh1 Ng4 14. Nd5 Nf2+ 15. Kg1 Nh3+ 16. Kh1 Qg1+ 0-1

[Event "Bogota McGregor op 3rd"]
[Site "Bogota"]
[Date "2012.12.12"]
[Round "2"]
[White "Castro, Natalia Patricia"]
[Black "Rosero, Hugo Alberto"]
[Result "1-0"]
[WhiteElo "2009"]
[BlackElo "1649"]
[PlyCount "35"]
[EventDate "2012.12.12"]
[EventType "swiss"]
[EventRounds "9"]
[EventCountry "COL"]
[SourceTitle "EXT 2014"]
[Source "ChessBase"]
[SourceDate "2013.11.20"]
[SourceVersion "1"]
[SourceVersionDate "2013.11.20"]
[SourceQuality "1"]

1. d4 e6 2. e4 c5 3. Nf3 cxd4 4. Nxd4 Nc6 5. Nxc6 bxc6 6. Bd3 Bb4+ 7. c3 Bc5 8. 0-0 Ne7 9. Nd2 Qb6 10. b4 Bd6 11. Nc4 Qb8 12. f4 Ng6 13. e5 Be7 14. Rb1 d5 15. exd6 Bxd6 16. Bxg6 hxg6 17. Qxd6 Qxd6 18. Nxd6+ 1-0